[Event "London Classic Open 2014"]
[Site "London ENG"]
[Date "2014.12.09"]
[Round "2.13"]
[White "Britton, Richard L"]
[Black "Piorun, Kacper"]
[Result "1/2-1/2"]
[WhiteTitle "FM"]
[BlackTitle "GM"]
[WhiteElo "2230"]
[BlackElo "2517"]
[WhiteFideId "401692"]
[BlackFideId "1130420"]
[EventDate "2014.12.08"]

1. e4 c5 2. Nf3 e6 3. d3 b6 4. g3 Bb7 5. Bg2 d6 6. O-O Nd7 7. Re1 Be7 8. c3 Ngf6
9. Nbd2 Ne5 10. Nf1 Nxf3+ 11. Bxf3 Qd7 12. d4 cxd4 13. cxd4 O-O 14. d5 Rfe8 15.
Ne3 exd5 16. exd5 Bf8 17. Qd4 Qd8 18. Bd2 Nd7 19. Bc3 Qg5 20. Bg2 Nf6 21. h4 Qg6
22. Qf4 Nh5 23. Qf3 Nf6 24. Bxf6 Qxf6 25. Qxf6 gxf6 26. Rac1 Rac8 27. Bh3 Rxc1
28. Rxc1 Bh6 29. Rc7 Bxe3 30. Rxb7 Bd4 31. Kf1 a5 32. b3 Re5 33. Bg2 Kg7 34. a3
Bc5 35. Bf3 Bxa3 36. Rxb6 Bb4 37. Rb7 Kg6 38. Be2 f5 39. Bc4 f4 40. g4 f3 41.
Kg1 Bc5 42. Bd3+ Kg7 43. g5 Re1+ 44. Kh2 Bxf2 45. h5 Re8 46. g6 hxg6 47. Bxg6
Rf8 48. Be4 Kh6 49. Bxf3 Kg5 50. Kg2 Bc5 51. Re7 Kf6 52. Re4 Rb8 53. Bd1 Rg8+
54. Rg4 Re8 55. Bf3 Be3 56. Ra4 Rg8+ 57. Kf1 Rb8 58. Rxa5 Rxb3 59. Ra2 Ke5 60.
Ke2 f5 61. Kf1 Rb8 62. Ra4 Rb2 63. Be2 Kxd5 64. Bc4+ Ke5 65. Ra2 Rb4 66. Bf7 Kf6
67. Bg6 Rh4 68. Ra8 f4 69. Kg2 d5 70. Rd8 d4 71. Kf3 Rh3+ 72. Ke4 Kg5 73. Rd5+
Kh6 74. Rd7 Kg5 75. Rd5+ Kf6 76. Rd6+ Ke7 77. Rd7+ Kxd7 1/2-1/2

[Event "London Classic Open 2014"]
[Site "London ENG"]
[Date "2014.12.09"]
[Round "2.14"]
[White "Bukojemski, Adam"]
[Black "Fodor, Tamas Jr."]
[Result "1/2-1/2"]
[BlackTitle "GM"]
[WhiteElo "2214"]
[BlackElo "2499"]
[WhiteFideId "1114620"]
[BlackFideId "723762"]
[EventDate "2014.12.08"]

1. e4 e5 2. Nf3 Nc6 3. Bb5 a6 4. Ba4 Nf6 5. O-O Be7 6. Re1 b5 7. Bb3 d6 8. c3
O-O 9. d4 Bg4 10. Be3 exd4 11. cxd4 d5 12. e5 Ne4 13. h3 Be6 14. Nc3 Nxc3 15.
bxc3 Na5 16. Bc2 Nc4 17. Bc1 a5 18. Nh2 Ra6 19. Qd3 g6 20. Bh6 Re8 21. g4 c5 22.
f4 Na3 23. f5 c4 24. Qd2 Nxc2 25. Qxc2 gxf5 26. gxf5 Bxf5 27. Qxf5 Rxh6 28. Ng4
Rg6 29. Rf1 Rf8 30. Kh1 b4 31. Rf3 bxc3 32. Rxc3 Qb6 33. Rd1 Qe6 34. Qb1 h5 35.
Nh2 Bh4 36. Rf1 Bg3 37. Rf5 Bxh2 38. Kxh2 h4 39. Rcf3 Qb6 40. Qd1 Qb2+ 41. Rf2
Qa3 42. R5f3 Qe7 43. Rf5 Qa3 44. R5f3 Qb4 45. Rf4 Qe7 46. Rf5 c3 47. Qf3 Rc8 48.
Qxd5 c2 49. Rg2 Rxg2+ 50. Qxg2+ Kf8 51. Rh5 Ke8 52. Rh8+ Qf8 53. Qg7 Qxh8 54.
Qxh8+ Kd7 55. e6+ fxe6 56. Qg7+ Kc6 57. Qg5 Kb6 58. Qc1 Rc4 59. Kg2 Kc6 60. Kf3
Kd5 61. Ke3 a4 62. a3 Rc8 63. Kd2 Kd6 64. Kd3 Kd5 65. Qg5+ Kd6 66. Qe5+ Kd7 67.
Qb5+ Rc6 68. Qb7+ Kd6 69. Qb4+ Kd7 70. Qb7+ 1/2-1/2

[Event "London Classic Open 2014"]
[Site "London ENG"]
[Date "2014.12.09"]
[Round "2.15"]
[White "Gormally, Daniel W"]
[Black "Guthrie, David"]
[Result "1/2-1/2"]
[WhiteTitle "GM"]
[WhiteElo "2499"]
[BlackElo "2209"]
[WhiteFideId "406465"]
[BlackFideId "4300505"]
[EventDate "2014.12.08"]

1. e4 c5 2. Nf3 d6 3. d4 cxd4 4. Nxd4 Nf6 5. Nc3 a6 6. h3 e5 7. Nb3 Be6 8. g4 h6
9. f4 exf4 10. Bxf4 Nh5 11. Be3 Ng3 12. Rh2 Nxf1 13. Kxf1 Be7 14. Nd4 O-O 15.
Nf5 Nc6 16. Nd5 Bxf5 17. exf5 Rc8 18. h4 Bxh4 19. Bb6 Qg5 20. Be3 Qd8 21. f6
Bxf6 22. Bb6 Qe8 23. Nxf6+ gxf6 24. Rxh6 Qe4 25. Qxd6 Qf3+ 26. Kg1 Ne5 27. Qxf6
Qxg4+ 28. Kf1 Qc4+ 29. Kg1 Qg4+ 30. Kf1 1/2-1/2

[Event "London Classic Open 2014"]
[Site "London ENG"]
[Date "2014.12.09"]
[Round "2.16"]
[White "Ilfeld, Etan"]
[Black "Sadzikowski, Daniel"]
[Result "0-1"]
[BlackTitle "IM"]
[WhiteElo "2192"]
[BlackElo "2492"]
[WhiteFideId "2803470"]
[BlackFideId "1132253"]
[EventDate "2014.12.08"]

1. e4 c5 2. Nf3 d6 3. d4 cxd4 4. Nxd4 Nf6 5. Nc3 a6 6. Be2 e5 7. Nf3 h6 8. O-O
Be7 9. a4 Be6 10. Re1 Nbd7 11. h3 O-O 12. b3 Rc8 13. Qd3 Qc7 14. Bb2 Qa5 15. Nd2
Rc7 16. Rad1 Rfc8 17. Ndb1 Nb8 18. Rd2 Nc6 19. Na2 b5 20. Bc3 Qb6 21. axb5 axb5
22. Nb4 Nxb4 23. Bxb4 Nxe4 24. Qxe4 d5 25. Qxe5 Bxb4 26. c3 Rxc3 27. Qd4 Qxd4
28. Rxd4 Rxb3 29. Red1 Rb2 30. Bd3 Bc5 31. Rf4 g5 32. Rf3 g4 33. Rf4 Bd6 34.
Rxg4+ Bxg4 35. hxg4 Bc5 36. Nd2 0-1

[Event "London Classic Open 2014"]
[Site "London ENG"]
[Date "2014.12.09"]
[Round "2.17"]
[White "Arkell, Keith C"]
[Black "Mihajlov, Svetoslav"]
[Result "1-0"]
[WhiteTitle "GM"]
[WhiteElo "2489"]
[BlackElo "2181"]
[WhiteFideId "400270"]
[BlackFideId "1507168"]
[EventDate "2014.12.08"]

1. d4 Nf6 2. Nf3 g6 3. c4 d5 4. cxd5 Bg7 5. Nc3 Nxd5 6. g3 c5 7. Bg2 cxd4 8.
Nxd4 Nxc3 9. bxc3 O-O 10. O-O Qa5 11. Qb3 Na6 12. Qa3 Qc7 13. Be3 Qc5 14. Qxc5
Nxc5 15. Rab1 Na4 16. Rfc1 Rd8 17. Bxb7 Bxb7 18. Rxb7 Rac8 19. Bd2 Nxc3 20. Rxc3
Bxd4 21. Rxc8 Rxc8 22. Rxe7 h5 23. Rd7 Rc4 24. Bg5 Kg7 25. Kg2 Ra4 26. Be7 Bb2
27. Rd2 Bd4 28. a3 Bf6 29. Bc5 Ra5 30. Bb4 Rb5 31. Rd3 a5 32. Bd6 Rb2 33. e4 Re2
34. Kf3 Re1 35. Rd5 Bc3 36. Rc5 Bd4 37. Rxa5 Rf1 38. Be5+ Bxe5 39. Rxe5 h4 40.
gxh4 Ra1 41. Ra5 Rh1 42. h5 Rxh2 43. hxg6 Kxg6 44. Ra6+ Kg5 45. Kg3 Rh1 46. f4+
Kh5 47. e5 Rf1 48. Rf6 Ra1 49. Rxf7 Rxa3+ 50. Kf2 Kg4 51. e6 Ra6 52. f5 Kf4 53.
e7 Ra2+ 54. Ke1 1-0

[Event "London Classic Open 2014"]
[Site "London ENG"]
[Date "2014.12.09"]
[Round "2.18"]
[White "Sathyanandha, Saravanan"]
[Black "Wagner, Dennis"]
[Result "0-1"]
[BlackTitle "IM"]
[WhiteElo "2190"]
[BlackElo "2488"]
[WhiteFideId "470929"]
[BlackFideId "24650684"]
[EventDate "2014.12.08"]

1. e4 e5 2. Bc4 Nf6 3. d3 Bc5 4. Nc3 O-O 5. f4 d5 6. Nxd5 Be6 7. Qf3 Bxd5 8.
Bxd5 Nxd5 9. exd5 Re8 10. Ne2 Nd7 11. c3 c6 12. dxc6 bxc6 13. d4 exd4 14. O-O
Rxe2 15. b4 Bb6 16. c4 d3+ 17. c5 Nxc5 18. bxc5 Qd4+ 19. Kh1 Qxa1 20. cxb6 axb6
21. Bd2 Qxa2 22. Bc3 Qc4 0-1

[Event "London Classic Open 2014"]
[Site "London ENG"]
[Date "2014.12.09"]
[Round "2.19"]
[White "Hector, Jonny"]
[Black "Osborne, Marcus E"]
[Result "1-0"]
[WhiteTitle "GM"]
[WhiteElo "2477"]
[BlackElo "2176"]
[WhiteFideId "1700090"]
[BlackFideId "404608"]
[EventDate "2014.12.08"]

1. e4 e6 2. d4 d5 3. Nc3 Bb4 4. Bd3 dxe4 5. Bxe4 Nf6 6. Bf3 c5 7. Ne2 Nc6 8. Be3
cxd4 9. Nxd4 Ne5 10. Nb5 Nxf3+ 11. Qxf3 O-O 12. Rd1 Qa5 13. O-O Bd7 14. a3 Bxc3
15. Nxc3 Bc6 16. Qg3 Qf5 17. Rd2 Qg6 18. f3 Qxg3 19. hxg3 h5 20. Kf2 e5 21. Rfd1
Rfe8 22. Rd6 e4 23. Ne2 exf3 24. gxf3 Re5 25. Rd8+ Re8 26. Rxe8+ Bxe8 27. Bd4
Rd8 28. Rh1 Bb5 29. c3 Bc4 30. Nf4 Rd6 31. Bxf6 Rxf6 32. Rxh5 Rb6 33. b4 Ra6 34.
Ra5 Rxa5 35. bxa5 Kf8 36. Ke3 Ke7 37. Kd4 Bb5 38. Nd5+ Kd6 39. c4 Bc6 40. f4 Ke6
41. Kc5 Ba4 42. Ne3 f6 43. Kd4 Bd7 44. g4 Bc6 45. Nd5 Ba4 46. a6 b6 47. Nc7+ Kd7
48. Nb5 1-0

[Event "London Classic Open 2014"]
[Site "London ENG"]
[Date "2014.12.09"]
[Round "2.20"]
[White "Zhou, Yang-Fan"]
[Black "Okike, David"]
[Result "1-0"]
[WhiteTitle "IM"]
[WhiteElo "2477"]
[BlackElo "2169"]
[WhiteFideId "468584"]
[BlackFideId "8500134"]
[EventDate "2014.12.08"]

1. e4 d6 2. d4 g6 3. Be3 Bg7 4. Nc3 c6 5. Qd2 b5 6. Nf3 h6 7. h3 a6 8. Bd3 Bb7
9. a4 Nd7 10. O-O Rc8 11. Rfd1 Qc7 12. axb5 cxb5 13. Nd5 Qd8 14. Nb4 Nb8 15. Qe2
e6 16. d5 Ne7 17. dxe6 Bxb2 18. Bxb5+ Kf8 19. Rab1 Bg7 20. Nxa6 Bxe4 21. Nxb8
Rxb8 22. Bxh6 Rxh6 23. Qxe4 Rh5 24. Bd3 Rxb1 25. Rxb1 f5 26. Qb7 Bf6 27. Qa7 Kg7
28. Rb8 Qxb8 29. Qxb8 d5 30. Qe8 1-0

[Event "London Classic Open 2014"]
[Site "London ENG"]
[Date "2014.12.09"]
[Round "2.21"]
[White "Lalic, Peter D"]
[Black "Dourerassou, Jonathan"]
[Result "0-1"]
[BlackTitle "IM"]
[WhiteElo "2180"]
[BlackElo "2469"]
[WhiteFideId "416711"]
[BlackFideId "628050"]
[EventDate "2014.12.08"]

1. b4 d5 2. Bb2 Bf5 3. e3 Nd7 4. Nf3 Ngf6 5. Be2 e6 6. a3 a5 7. b5 Bd6 8. d3 e5
9. Nbd2 Qe7 10. Nf1 Nc5 11. a4 h5 12. Ng3 Bg4 13. d4 exd4 14. Nxd4 g6 15. Bxg4
hxg4 16. Nde2 O-O-O 17. Qd4 Nfe4 18. Nxe4 dxe4 19. Qf6 Qd7 20. Qxh8 Rxh8 21.
Bxh8 Qe6 22. Bd4 Qc4 23. Bxc5 Bxc5 24. Kf1 f5 25. g3 b6 26. h3 gxh3 27. Rxh3
Qxc2 28. Rh8+ Kb7 29. Rg8 g5 30. Rxg5 Qb2 31. Rd1 Qh8 32. Rd7 f4 33. Nxf4 Qh1+
34. Ke2 Qf3+ 35. Kd2 Qxf2+ 36. Kd1 Qf3+ 37. Kc2 Qf2+ 38. Kd1 Qf1+ 39. Kc2 Qc4+
40. Kd2 Qb4+ 41. Ke2 Qxa4 42. Rgg7 Qxb5+ 43. Kf2 Qb2+ 44. Ne2 Ka6 45. Rg4 Qh8
46. Rh4 Qf6+ 47. Rf4 Qh6 48. Kg2 Qc6 49. Rdf7 Bxe3 0-1

[Event "London Classic Open 2014"]
[Site "London ENG"]
[Date "2014.12.09"]
[Round "2.22"]
[White "Wells, Peter K"]
[Black "Williamson, Roger G"]
[Result "1/2-1/2"]
[WhiteTitle "GM"]
[WhiteElo "2468"]
[BlackElo "2160"]
[WhiteFideId "400327"]
[BlackFideId "414620"]
[EventDate "2014.12.08"]

1. d4 Nf6 2. c4 e5 3. dxe5 Ng4 4. Bf4 Nc6 5. Nf3 Bb4+ 6. Nbd2 Qe7 7. e3 Ngxe5 8.
Nxe5 Nxe5 9. Be2 O-O 10. O-O Ng6 11. Bg3 Bd6 12. Bxd6 Qxd6 13. Qc2 Qe7 14. c5 d5
15. c6 bxc6 16. Qxc6 Rb8 17. Nb3 Rb6 18. Qxd5 Nf4 19. exf4 Qxe2 20. Qe5 Re6 21.
Qxe2 Rxe2 22. Rfc1 Rxb2 23. Rxc7 a6 24. Nd4 Rd2 25. Nf3 Rb2 26. h3 Rb4 27. Rac1 1/2-1/2

[Event "London Classic Open 2014"]
[Site "London ENG"]
[Date "2014.12.09"]
[Round "2.23"]
[White "Bai, Jinshi"]
[Black "Smith, Andrew Philip"]
[Result "1-0"]
[WhiteTitle "IM"]
[BlackTitle "FM"]
[WhiteElo "2444"]
[BlackElo "2148"]
[WhiteFideId "8602280"]
[BlackFideId "2500833"]
[EventDate "2014.12.08"]

1. d4 Nf6 2. Nf3 c5 3. d5 e6 4. c4 exd5 5. cxd5 d6 6. Nc3 g6 7. g3 Bg7 8. Bg2
O-O 9. O-O a6 10. a4 Nbd7 11. Bf4 Qe7 12. h3 h6 13. Qc1 g5 14. Bd2 Rb8 15. h4 g4
16. Ne1 Kh7 17. Nc2 Ne5 18. Ne3 Qd7 19. b4 cxb4 20. Qb1+ Kh8 21. Qxb4 Nh5 22.
Nc4 f5 23. Nxd6 f4 24. gxf4 Nf3+ 25. exf3 gxf3 26. Bxf3 Rg8 27. Bg2 Bf6 28. f5
Be5 29. Bxh6 Bxd6 30. Qd4+ Kh7 31. Bg5 Ng7 32. Ne4 Qxf5 33. Nxd6 1-0

[Event "London Classic Open 2014"]
[Site "London ENG"]
[Date "2014.12.09"]
[Round "2.24"]
[White "Marzano, Carlo"]
[Black "Williams, Simon K"]
[Result "0-1"]
[BlackTitle "GM"]
[WhiteElo "2166"]
[BlackElo "2443"]
[WhiteFideId "802980"]
[BlackFideId "404454"]
[EventDate "2014.12.08"]

1. d4 e6 2. Nf3 f5 3. g3 Nf6 4. Bg2 d5 5. O-O Bd6 6. Bf4 Bxf4 7. gxf4 O-O 8. Ne5
Nbd7 9. Nxd7 Bxd7 10. Nd2 Be8 11. e3 Kh8 12. Kh1 Bh5 13. Bf3 Ng4 14. h3 Qh4 15.
Kg2 Rf6 16. hxg4 fxg4 17. Bxg4 Rg6 18. f3 Bxg4 19. fxg4 Rxg4+ 20. Kf3 Qh2 21.
Kxg4 Qg2+ 22. Kh4 g5+ 23. Kh5 Qh3+ 24. Kxg5 Rg8+ 25. Kf6 Qf5+ 0-1

[Event "London Classic Open 2014"]
[Site "London ENG"]
[Date "2014.12.09"]
[Round "2.25"]
[White "McDonald, Neil"]
[Black "Corsino, Gianluca"]
[Result "1-0"]
[WhiteTitle "GM"]
[WhiteElo "2431"]
[BlackElo "2140"]
[WhiteFideId "400629"]
[BlackFideId "816930"]
[EventDate "2014.12.08"]

1. e4 c5 2. Nf3 d6 3. d4 cxd4 4. Nxd4 Nf6 5. Nc3 g6 6. Be3 Bg7 7. f3 O-O 8. Qd2
Nc6 9. O-O-O Nxd4 10. Bxd4 Be6 11. Kb1 Qc7 12. h4 Rfc8 13. h5 Qa5 14. hxg6 hxg6
15. a3 Rab8 16. Bd3 Bc4 17. Bxc4 Rxc4 18. Qc1 Rbc8 19. Bxf6 Bxf6 20. Nd5 Rxc2
21. Qxc2 Rxc2 22. Nxf6+ exf6 23. Kxc2 f5 24. Rhe1 Qc5+ 25. Kb1 fxe4 26. Rxe4 Qg5
27. Rg4 Qf5+ 28. Ka1 d5 29. Rgd4 Qc2 30. R4d2 Qc4 31. Rxd5 Qc2 32. R5d2 Qf5 33.
Rd7 Qc2 34. g4 Qc6 35. f4 Qf3 36. f5 gxf5 37. gxf5 Qxf5 38. Rxb7 Qf3 39. Rg1+
Kf8 40. Rxa7 Qe3 41. Ra8+ Ke7 42. Rag8 f5 43. R8g2 f4 44. Rf1 1-0

[Event "London Classic Open 2014"]
[Site "London ENG"]
[Date "2014.12.09"]
[Round "2.26"]
[White "Ethelontis, Alexandros N"]
[Black "Hagen, Andreas Skytte"]
[Result "0-1"]
[BlackTitle "IM"]
[WhiteElo "2160"]
[BlackElo "2430"]
[WhiteFideId "405469"]
[BlackFideId "1407341"]
[EventDate "2014.12.08"]

1. c4 Nf6 2. g3 g6 3. Bg2 Bg7 4. Nc3 O-O 5. d3 d6 6. Bg5 h6 7. Bd2 e5 8. e4 c6
9. Nge2 Be6 10. O-O Qd7 11. Rc1 Na6 12. b3 d5 13. cxd5 cxd5 14. d4 exd4 15. Nxd4
Bg4 16. Nde2 d4 17. e5 dxc3 18. exf6 cxd2 19. fxg7 dxc1=Q 20. gxf8=Q+ Rxf8 21.
Qxc1 Bxe2 22. Re1 Bb5 23. Qxh6 Bc6 24. Bxc6 Qxc6 25. h4 Re8 26. Rc1 Qd5 27. Qf4
Nc5 28. Qc4 Qxc4 29. Rxc4 b6 30. b4 Re4 31. Rxe4 Nxe4 32. Kg2 Nc3 33. a3 Nb1 34.
a4 Nc3 35. a5 Nd5 36. Kf3 Nxb4 37. axb6 axb6 38. Ke4 b5 39. Kd4 Nc6+ 40. Kc5 b4
41. Kc4 f5 0-1

[Event "London Classic Open 2014"]
[Site "London ENG"]
[Date "2014.12.09"]
[Round "2.27"]
[White "Adair, James R"]
[Black "Quinn, John M"]
[Result "1-0"]
[WhiteTitle "IM"]
[WhiteElo "2428"]
[BlackElo "2131"]
[WhiteFideId "406252"]
[BlackFideId "405043"]
[EventDate "2014.12.08"]

1. e4 c5 2. Nf3 e6 3. d4 cxd4 4. Nxd4 Nc6 5. Nc3 Qc7 6. Be3 a6 7. Be2 Nf6 8. O-O
Bb4 9. Na4 Be7 10. Nxc6 bxc6 11. Nb6 Rb8 12. Nxc8 Qxc8 13. e5 Nd5 14. Bc1 c5 15.
Bf3 Nb4 16. c3 Nc6 17. Qe2 Rb6 18. Bf4 f5 19. exf6 Bxf6 20. Rad1 Ne7 21. g3 O-O
22. Rd6 Rxd6 23. Bxd6 Rf7 24. Be4 c4 25. Rb1 a5 26. Qc2 g6 27. Qa4 Nf5 28. Bxf5
gxf5 29. Qxa5 Qc6 30. Qc5 Qe4 31. Rf1 e5 32. f3 Qe2 33. Rf2 Qe1+ 34. Kg2 e4 35.
fxe4 Qxe4+ 36. Rf3 Bg5 37. Qe5 Qxe5 38. Bxe5 d5 39. b4 Ra7 40. Rxf5 Rxa2+ 41.
Kf3 Be7 42. Bd4 Rxh2 43. Rxd5 Rb2 44. Rd7 Kf8 45. Rc7 1-0

[Event "London Classic Open 2014"]
[Site "London ENG"]
[Date "2014.12.09"]
[Round "2.28"]
[White "Shamima, Akter Liza"]
[Black "Zumsande, Martin"]
[Result "0-1"]
[WhiteTitle "WIM"]
[BlackTitle "IM"]
[WhiteElo "2159"]
[BlackElo "2428"]
[WhiteFideId "10202587"]
[BlackFideId "4651324"]
[EventDate "2014.12.08"]

1. d4 d5 2. c4 c6 3. Nf3 Nf6 4. Nc3 a6 5. e3 b5 6. cxd5 cxd5 7. Be2 e6 8. O-O
Nbd7 9. Ne5 Bb7 10. f4 Be7 11. Bd2 O-O 12. Rc1 Rc8 13. Bd3 Ne4 14. Ne2 f6 15.
Nf3 Nb6 16. Ba5 Qd6 17. Bxb6 Qxb6 18. Qb3 Nd6 19. a4 Nc4 20. axb5 axb5 21. Nc3
b4 22. Na4 Qa7 23. Ra1 Ba6 24. Nc5 Bxc5 25. dxc5 Rxc5 26. Rfd1 Qb6 27. Nd4 Rb8
28. h3 e5 29. Nf5 exf4 30. Ne7+ Kf8 31. Nxd5 Rxd5 32. Bxc4 Bxc4 33. Qxc4 Qxe3+
34. Kh1 Rc5 35. Qa6 Re8 36. Qd6+ Kg8 37. Re1 Qxe1+ 38. Rxe1 Rxe1+ 39. Kh2 Rce5
40. Qxb4 g5 41. h4 Kg7 42. hxg5 fxg5 43. Qd4 Re4 44. Qd7+ Re7 45. Qd5 Kg6 46. b4
Kh5 47. b5 R4e5 48. Qf3+ g4 49. Qc6 R7e6 50. Qc7 h6 51. Qf7+ Kg5 52. Qg7+ Kh4 0-1

[Event "London Classic Open 2014"]
[Site "London ENG"]
[Date "2014.12.09"]
[Round "2.29"]
[White "Roberson, Peter T"]
[Black "Gavriel, Tryfon C"]
[Result "1/2-1/2"]
[WhiteTitle "IM"]
[BlackTitle "CM"]
[WhiteElo "2412"]
[BlackElo "2128"]
[WhiteFideId "412384"]
[BlackFideId "403105"]
[EventDate "2014.12.08"]

1. e4 e5 2. Nf3 Nc6 3. Bb5 a6 4. Ba4 Nf6 5. O-O Be7 6. Re1 b5 7. Bb3 d6 8. c3
O-O 9. h3 Na5 10. Bc2 c5 11. d4 Qc7 12. Nbd2 Nc6 13. d5 Nd8 14. a4 Rb8 15. b3
Ne8 16. Nf1 g6 17. axb5 axb5 18. g4 Ng7 19. Ng3 f6 20. Nh2 Nf7 21. f4 exf4 22.
Bxf4 Ne5 23. Nf3 Bd7 24. Kg2 b4 25. c4 Ra8 26. Qe2 Ra5 27. Nxe5 fxe5 28. Be3 Qa7 1/2-1/2

[Event "London Classic Open 2014"]
[Site "London ENG"]
[Date "2014.12.09"]
[Round "2.30"]
[White "Webb, Matthew D"]
[Black "Guramishvili, Sopiko"]
[Result "1-0"]
[BlackTitle "IM"]
[WhiteElo "2141"]
[BlackElo "2388"]
[WhiteFideId "418250"]
[BlackFideId "13602888"]
[EventDate "2014.12.08"]

1. e4 c5 2. Nf3 d6 3. d4 Nf6 4. Nc3 cxd4 5. Nxd4 a6 6. Bg5 Nbd7 7. f4 Qc7 8. Qf3
b5 9. O-O-O Bb7 10. Bd3 e6 11. Rhe1 Qb6 12. Nd5 exd5 13. Nc6 dxe4 14. Bxe4 Nc5
15. Bxf6 gxf6 16. Qh3 Ne6 17. Bg6 Kd7 18. Bxf7 Kxc6 19. Qxe6 h5 20. Be8+ Kc7 21.
Qxf6 Qf2 22. Qxh8 Qxf4+ 23. Kb1 Bxg2 24. Qxh5 Bf3 25. Qh7+ Kb6 26. Rd3 Ra7 27.
Qh3 Be4 28. Rc3 Rh7 29. Qc8 Bb7 30. Qb8 Qh4 31. Rf1 Qe7 32. a4 Bg7 33. b4 bxa4
34. Rc6+ 1-0

[Event "London Classic Open 2014"]
[Site "London ENG"]
[Date "2014.12.09"]
[Round "2.31"]
[White "Houska, Jovanka"]
[Black "Hebbes, Tim"]
[Result "1-0"]
[WhiteTitle "IM"]
[WhiteElo "2388"]
[BlackElo "2126"]
[WhiteFideId "405094"]
[BlackFideId "406570"]
[EventDate "2014.12.08"]

1. d4 d5 2. Nf3 Nf6 3. c4 e6 4. Nc3 Be7 5. Bg5 h6 6. Bh4 O-O 7. e3 b6 8. Rc1 Bb7
9. cxd5 Nxd5 10. Nxd5 Bxd5 11. Bxe7 Qxe7 12. Bd3 Rc8 13. O-O Bb7 14. Ne5 c5 15.
dxc5 bxc5 16. Bb1 Bxg2 17. Qc2 g6 18. Nxg6 Qg5 19. f4 Qxg6 20. Qxg6+ fxg6 21.
Kxg2 Nd7 22. Bxg6 Rab8 23. b3 Nf6 24. Kf3 Rc7 25. Bd3 Rb6 26. Bc4 Kf8 27. Rg1 h5
28. h3 Ne8 29. Rcd1 Rh7 30. Rg5 Rc6 31. Rd8 Ke7 32. Rxe8+ Kxe8 33. Bb5 1-0

[Event "London Classic Open 2014"]
[Site "London ENG"]
[Date "2014.12.09"]
[Round "2.32"]
[White "Hill, Alistair"]
[Black "Milliet, Sophie"]
[Result "0-1"]
[BlackTitle "IM"]
[WhiteElo "2112"]
[BlackElo "2387"]
[WhiteFideId "432407"]
[BlackFideId "623725"]
[EventDate "2014.12.08"]

1. Nf3 c5 2. e4 e6 3. d4 cxd4 4. Nxd4 Nc6 5. Nc3 Qc7 6. g3 a6 7. Bg2 h5 8. O-O
h4 9. Nxc6 bxc6 10. Bf4 e5 11. Be3 d6 12. Na4 Be6 13. c4 Nf6 14. f3 hxg3 15.
hxg3 Rb8 16. b3 g6 17. Qd2 Nh5 18. Bf2 Qd7 19. Nb6 Qd8 20. c5 dxc5 21. Qxd8+
Rxd8 22. Rfd1 Rb8 23. Na4 c4 24. bxc4 Bxc4 25. Bh3 Nf6 26. Bf1 Bxf1 27. Kxf1 Rb4
28. Nc5 Rh1+ 29. Kg2 Rxd1 30. Rxd1 Bxc5 31. Bxc5 Rb2+ 32. Kh3 Nd7 33. Bd6 Rxa2
34. Rc1 c5 35. Bxc5 f5 36. exf5 gxf5 37. g4 Kf7 38. g5 Ra5 39. Bb4 Rb5 40. Rc7
Rxb4 41. Rxd7+ Kg6 42. Rd5 Rb5 43. Rd6+ Kxg5 44. Rxa6 Kf4 45. Ra3 Rb2 46. Kh4
Rh2# 0-1

[Event "London Classic Open 2014"]
[Site "London ENG"]
[Date "2014.12.09"]
[Round "2.33"]
[White "Kiik, Kalle"]
[Black "Haldorsen, Benjamin"]
[Result "1-0"]
[WhiteTitle "IM"]
[WhiteElo "2372"]
[BlackElo "2096"]
[WhiteFideId "4500075"]
[BlackFideId "1512633"]
[EventDate "2014.12.08"]

1. d4 Nf6 2. Nc3 d5 3. Bg5 Nbd7 4. Qd3 e6 5. e4 dxe4 6. Nxe4 Be7 7. Nxf6+ Nxf6
8. Nf3 O-O 9. O-O-O b6 10. Bxf6 Bxf6 11. Qe4 Qd5 12. Bd3 Qxe4 13. Bxe4 Rb8 14.
Ne5 Bxe5 15. dxe5 Bb7 16. Bxb7 Rxb7 17. Rd7 Rfb8 18. Rhd1 h5 19. Rd8+ Rxd8 20.
Rxd8+ Kh7 21. Rd7 Kg8 22. Rd8+ Kh7 23. Kd2 c5 24. Ke3 Kg6 25. Ke4 a5 26. h4 b5
27. f3 a4 28. g4 hxg4 29. fxg4 b4 30. b3 axb3 31. axb3 Rc7 32. Kd3 f6 33. exf6
Kxf6 34. Ke4 Ke7 35. Rd2 c4 36. Rd4 cxb3 37. cxb3 Rb7 38. g5 Rb5 39. Rc4 Kd7 40.
Kf4 Rb7 41. Kg4 Ke7 42. h5 Kd6 43. h6 gxh6 44. gxh6 Kd5 45. Kg5 e5 46. Rh4 Rb8
47. h7 Rh8 48. Kg6 e4 49. Kg7 Rxh7+ 50. Kxh7 e3 51. Kg6 e2 52. Rh1 Kd4 53. Kf5
Kc3 54. Ke4 Kxb3 55. Kd3 1-0

[Event "London Classic Open 2014"]
[Site "London ENG"]
[Date "2014.12.09"]
[Round "2.34"]
[White "Jones, Steven A"]
[Black "Sowray, Peter J"]
[Result "0-1"]
[BlackTitle "FM"]
[WhiteElo "2096"]
[BlackElo "2365"]
[WhiteFideId "419630"]
[BlackFideId "400971"]
[EventDate "2014.12.08"]

1. e4 e6 2. d4 d5 3. Nc3 Bb4 4. e5 c5 5. a3 Bxc3+ 6. bxc3 Ne7 7. Qg4 cxd4 8.
cxd4 Qc7 9. Bd2 Qxc2 10. Qxg7 Rg8 11. Qh6 Nbc6 12. Nf3 Nxd4 13. Nxd4 Qb2 14.
Bb5+ Bd7 15. Bxd7+ Kxd7 16. Nb3 Qxb3 17. O-O Qd3 18. Rfb1 b6 19. Qf4 Rac8 20.
Be3 Qc4 21. Qxf7 Rcf8 22. Qh5 Qe4 23. g3 Nc6 24. a4 Nxe5 25. a5 b5 26. a6 Rg4
27. Rxb5 Nf3+ 28. Kf1 Nxh2+ 29. Qxh2 Qd3+ 30. Kg2 Qxb5 31. Qxh7+ Kd6 32. Qxa7 d4
33. Rd1 Qd5+ 34. Kf1 d3 35. Qb6+ Ke5 36. Ke1 Kf6 37. Qb2+ Kg6 38. Qa3 Rd8 39. a7
Qh1+ 40. Kd2 Qf3 41. Rc1 Qe2+ 42. Kc3 d2 43. a8=Q Rd3+ 44. Kb2 dxc1=Q+ 45. Kxc1
Rd1# 0-1